00713nam a2200229Ia 4500003000400000005001700004008004100021040000700062041000800069082001600077100003700093245003800130250000600168260004300174300001400217365001400231650002400245906004400269942001200313999001900325952013900344OSt20230502153828.0210423s2001 xx 000 0 und d cAL aeng a574.87 GIVA aGIVAN (Alice Longobardi).996310 aFlow cytometry: first principles. a2 aNew YorkbWiley Liss Publicationc2001 axviii,273 b2176cINR aCell Biology996311 acytometry: ; first ; Flow ; principles. 2ddccBK c162978d162978 001040708BTaSACPGbSACPGd2003-10-31eYashaswi Enterprisesg2176.00l0o574.87 GIVApPG009472r2022-08-24 00:00:00w2021-04-26yBK